02170nab a2200253uuc4500001000800000005001700008008004100025035001200066035002100078040001300099041000800112100004100120245010300161520126400264650002601528650002501554650004501579650002201624700004101646700004501687700003701732700004301769773010401812119497720240202094134.0100405e20090903 spa  a1194977 a(OCoLC)820533932 ccomduadb aspa10aRestrepo Parra, Elisabeth 4auteaut10aAplicación del procesamiento digital de señales al estudio de espectros ópticos de emisión3 aEn este trabajo el primer paso consistió en llevar a cabo un suavizado y un filtrado de la señal, con el fin de eliminar el ruido y la información no relevante. La segunda parte consiste en la determinación automática de las longitudes de onda de los picos o máximos. Luego, se lleva a cabo la identificación elemental química de los picos empleando una base de datos especializada. Después de esto, el software permite la determinación de características necesarias para los cálculos como intensidad, FWHM (por su sigla en inglés Full Width at half Maximum, en español Ancho total a la Mitad del Máximo), los valores del continuo y el perfil de las líneas. Estos parámetros fueron empleados junto con métodos espectroscópicos tales como la gráfica de Boltzmann, relación entre intensidades de líneas de diferente grado de ionización y relación línea-continuo para determinar Texc= 4778.32 K, ne=2.54 1017 cm-3 y Te= 2668 K respectivamente. Estos valores son similares a los reportes, para este tipo de plasmas. El beneficio principal del software consintió en llevar a cabo todo el estudio del plasma en tiempo muy corto (del orden de segundos), mientras que su análisis manual puede tomar varios días. aEspectroscopia optica aPelículas delgadas aProcesamiento digital de señales (PDS) aPlasma (Física)10aRiaño Rojas, Juan Carlos4auteaut10aSerna Morales, Andrés Felipe4auteaut10aCardenas Peña, David4auteaut10aPrieto Ortiz, Flavio Augusto4auteaut0 tDYNA (Medellín)gVolumen 076, Número 159, Septiembre 2009, p. 205-215w188384x0012-7353082258